000 01003nam a2200313 i 4500
003 EG-GICUC
005 20260203105804.0
008 260203s1953 us ||||fr|||| 001 0 eng d
040 _aEG-GiCUC
_beng
_cEG-GiCUC
_dEG-GiCUC
_erda
041 _aeng
082 0 4 _221
_a341.71073
_bST . U
092 0 4 _221
099 _aLaw1 11 341.71073 ST . U 1953
100 1 _a Stebbins, Richard P.
_eAuthor.
245 1 4 _aThe United States In World Affairs /
_cBy Richard P. Stebbins.
264 1 _aNew York :
_bCouncil On Foreign Relations,
_c1953.
300 _a512 pages,
_c24 cm
336 _2rda content
_atext
337 _2rda media
_aComputer
338 _2rda carrier
_aOnline Resource
500 _aIncludes index.
504 _aBibliography: pages 236-262.
546 _aText in English
650 1 4 _a Foreign relations
_x(International relations)
_yUnited States
651 1 _2qrmak
856 4 0 _uhttps://fll.law.cu.edu.eg/fulltext/bks/B11-06550.pdf
905 _a79
942 _2ddc
_cBK
_e21
_n0
999 _c60452
_d60452